| 000 | 004870000a22001810004500 | ||
|---|---|---|---|
| 003 | MACL | ||
| 005 | 20160315170134.0 | ||
| 008 | 160315b xxu||||| |||| 00| 0 eng d | ||
| 040 |
_aMACL _cMACL |
||
| 041 | _aHindi | ||
| 082 | _a920 | ||
| 100 |
_aचौधरी रामनारायण _946315 |
||
| 245 | _aबापू | ||
| 260 |
_bनवजीवन प्रकाशन _aअहमदाबाद |
||
| 350 | _a3 | ||
| 650 |
_aBiography _946316 |
||
| 942 |
_cHIN _k920 _2ddc |
||
| 999 |
_c23918 _d23918 |
||